Thomas Brodie-Sangster Filmography - Statistics

General Stats
  • This quiz has been taken 152 times
    33 since last reset
  • The average score is 28 of 66
Answer Stats
Type Year Name % Correct
Film 2003 Love Actually
89%
Film 2018 Maze Runner: The Death Cure
78%
TV Show 2007-2015 Phineas and Ferb
78%
Film 2014 The Maze Runner
78%
Film 2015 Maze Runner: The Scorch Trials
67%
Film 2005 Nanny McPhee
67%
Web Series 2023-Present The Artful Dodger
67%
TV Show 2015, 2024 Wolf Hall
67%
Film 2009 Bright Star
56%
TV Show 2007 Doctor Who
56%
Film 2020 Dragon Rider
56%
TV Show 2004 Feather Boy
56%
TV Show 2013-2014 Game of Thrones
56%
Film 2025 Grand Prix of Europe
56%
Film 2009 Nowhere Boy
56%
TV Mini-Series 2022 Pistol
56%
Film 2015 Star Wars: The Force Awakens
56%
Web Mini-Series 2020 The Queen's Gambit
56%
Film 2006 Tristan & Isolde
56%
Film 2011 Albatross
44%
Film 2011 Death of a Superhero
44%
Film 2011 Hideaways
44%
TV Mini-Series 2003 Hitler: The Rise of Evil
44%
TV Film 2006 Molly: An American Girl on the Home Front
44%
Short Film 2011 My Left Hand Man
44%
Film 2014 Phantom Halo
44%
TV Show 2008 Pinocchio
44%
TV Short 2017 Red Nose Day Actually
44%
TV Film 2010 Some Dogs Bite
44%
Film 2007 The Last Legion
44%
Short Film 2013 The Ugly Duckling
44%
Music Video 2014 30 Minute Break
33%
TV Show 2012 Accused
33%
TV Show 2014 American Dad!
33%
Music Video 2020 Ballad of You & I
33%
TV Film 2002 Bobbie's Girl
33%
Audio Play 2007 Country Life
33%
TV Film 2003 Entrusted
33%
Web Mini-Series 2017 Godless
33%
TV Show 2011 Lewis
33%
TV Show 2002 London's Burning
33%
Short Film 2002 Mrs. Meitlemeihr
33%
Short Film 2013 Orbit Ever After
33%
Music Video 2014 Rain
33%
Film 2022 Sleep No More
33%
TV Film 2001 Station Jim
33%
TV Mini-Series 2002 Stig of the Dump
33%
Short Film 2009 The Alchemistic Suitcase
33%
Film 2012 The Baytown Outlaws
33%
TV Film 2001 The Miracle of the Cards
33%
TV Show 2015-2020 Thunderbirds Are Go
33%
Music Video 2016 Tired of Lying
33%
TV Show 2003 Ultimate Force
33%
TV Show 2024 Unsinkable
33%
Documentary Series 2022 Voices of Liberation
33%
Video Game 2011 Inazuma Irebun GO: Dark
22%
Video Game 2011 Inazuma Irebun GO: Shine
22%
TV Show 2012 In Love with...
22%
TV Show 2025 Jeopardy!
22%
Documentary Series 2005 Julian Fellowes Investigates: A Most Mysterious Murder
22%
Film TBA Mouse Guard
22%
Video Game 2011 Phineas and Ferb: Across the 2nd Dimension
22%
TV Film 2011 Phineas and Ferb the Movie: Across the 2nd Dimension
22%
TV Show 2010-2011 Take Two with Phineas and Ferb
22%
Audio Play 2008 The Bride of Peladon
22%
Audio Play 2007 The Mind's Eye
22%
No matching quizzes found
Score Distribution
Percent of People with Each Score
Percentile by Number Answered
Your Score History
You have not taken this quiz since the last reset